Ley de modificación de los artículos 17 al 26 del Código Civil : Ley 51/1982 de 13 de julio Ley 51/1982 de 13 de julio
Descripción Física:
7 p. ; 17 cm
Otros Autores:
Col·legi d'Advocats de Barcelona. Comissió de Cultura
MARC
| LEADER | 00000nam a2200000Ia 4500 | ||
|---|---|---|---|
| 001 | 10957 | ||
| 008 | 160829s9999 xx 000 0 cat d | ||
| 080 | |a FU-2-61 | ||
| 100 | |a Espanya. Lleis, etc. |9 23269 | ||
| 245 | |a Ley de modificación de los artículos 17 al 26 del Código Civil : |b Ley 51/1982 de 13 de julio | ||
| 260 | |a Barcelona : |b Il·lustre Col·legi d'Advocats de Barcelona. Comissió de Cultura, dl 1982 | ||
| 300 | |a 7 p. ; |c 17 cm | ||
| 590 | |a A la coberta: no. 11 | ||
| 650 | |a Dret civil |x Legislació |x Espanya |9 32533 | ||
| 650 | |a Nacionalitat |x Espanya |x Dret i legislació |9 32534 | ||
| 700 | |a Col·legi d'Advocats de Barcelona. Comissió de Cultura |9 24331 | ||
| 901 | |a Arxiu | ||
| 942 | |n 1 | ||
| 952 | |0 0 |1 0 |4 0 |6 FU261 |7 1 |9 46023 |a Arxiu |b Arxiu |d 2016-12-01 |l 0 |o FU-2-61 |p 10957 |r 2016-12-01 00:00:00 |w 2016-12-01 |y ARXIU | ||
| 999 | |c 49524 |d 49524 | ||